000 01031nam a2200229Ia 4500
999 _c39729
_d39729
001 6334
003 GE_BSU
005 20190626205135.0
008 181216s1983|||| |||||||||||||| ||geo||
041 _ageo
080 _a62-83 კ-41
100 _aკერვალიშვილი, ო.
_92982
245 _aელექტროამძრავების ავტომატური მართვა. ნაწ.1 : სახელმძღვ. /
_cო. კერვალიშვილი ; ჯ. დოჭვირი ; რედ : ე.გოგუაძე.
264 _aთბილისი :
_bსპი,
_c1983.
300 _a92 გვ .:
_bილ;
_c20 სმ.
504 _aბიბლიოგრ.:გვ.89
653 _aექტროამძრავების ავტომატური მართვა
653 _aტექნიკა
700 _aდოჭვირი, ჯ
_92983
700 _aგოგუაძე, ე
_eრედაქტორი
_92984
942 _cBK
_2udc